There is a Carrot in my ear and other Noodle tales / (Record no. 7253)

MARC details
000 -LEADER
fixed length control field 01078nam a22003137a 4500
001 - CONTROL NUMBER
control field 7253
003 - CONTROL NUMBER IDENTIFIER
control field FISKH
005 - DATE AND TIME OF LATEST TRANSACTION
control field 20250704112129.0
008 - FIXED-LENGTH DATA ELEMENTS--GENERAL INFORMATION
fixed length control field 250704b cb ||||| |||| 00| 0 eng d
020 ## - INTERNATIONAL STANDARD BOOK NUMBER
International Standard Book Number 9780064441032
040 ## - CATALOGING SOURCE
Original cataloging agency FISKH
Language of cataloging eng
Transcribing agency FISKH
Modifying agency FISKH
050 ## - LIBRARY OF CONGRESS CALL NUMBER
Classification number PZ7.S4 T
082 ## - DEWEY DECIMAL CLASSIFICATION NUMBER
Classification number 398.2
100 ## - MAIN ENTRY--PERSONAL NAME
Personal name Schwartz, Alvin
Dates associated with a name (1927–1992)
245 ## - TITLE STATEMENT
Title There is a Carrot in my ear and other Noodle tales /
Statement of responsibility, etc. Retold by Alvin Schwartz ; Pictures by Karen Ann Weinhaus
250 ## - EDITION STATEMENT
Edition statement This edition first published in 1982
260 ## - PUBLICATION, DISTRIBUTION, ETC.
Place of publication, distribution, etc. New York :
Name of publisher, distributor, etc. HarperTrophy,
Date of publication, distribution, etc. 1982
300 ## - PHYSICAL DESCRIPTION
Extent 64 pages :
Other physical details color illustrations ;
Dimensions 23 cm
490 ## - SERIES STATEMENT
Series statement Pres grade
Volume/sequential designation Level 1
505 ## - FORMATTED CONTENTS NOTE
Formatted contents note G<br/>
520 ## - SUMMARY, ETC.
Summary, etc. A collection of six stories about a family of silly people, based on noodle folklore from America, Europe, and Asia Minor<br/>
521 8# - TARGET AUDIENCE NOTE
Target audience note 380<br/>
Source Lexile<br/>
521 8# - TARGET AUDIENCE NOTE
Target audience note G<br/>
Source Raz-Plus<br/>
650 ## - SUBJECT ADDED ENTRY--TOPICAL TERM
Source of heading or term Humorous stories
Topical term or geographic name entry element Beginning reader
650 ## - SUBJECT ADDED ENTRY--TOPICAL TERM
Source of heading or term Alvin Schwartz
Topical term or geographic name entry element Funny stories
700 ## - ADDED ENTRY--PERSONAL NAME
Personal name Weinhaus, Ann Karen
Dates associated with a name illustrator
942 ## - ADDED ENTRY ELEMENTS (KOHA)
Source of classification or shelving scheme Dewey Decimal Classification
Koha item type Books
Suppress in OPAC No
Holdings
Withdrawn status Lost status Source of classification or shelving scheme Damaged status Not for loan Collection Home library Current library Shelving location Date acquired Total Checkouts Full call number Barcode Date last seen Copy number Price effective from Koha item type
    Dewey Decimal Classification     Juvenile Fiction Footprints International School Library Network Toul Tom Poung Campus Footprints International School Library Network Toul Tom Poung Campus TTP Primary Dark Blue Bookshelves 07/04/2025   SCH 398.2 PZ7.S4 T 2025-1751 07/04/2025 1 07/04/2025 Books